| 000 | 00645nam a2200193Ia 4500 | ||
|---|---|---|---|
| 003 | GCL | ||
| 008 | 140319s9999 xx 000 0 ara d | ||
| 040 |
_aGCL / _cGCL |
||
| 082 | 0 | 4 |
_a212.3 _bم ع |
| 100 | 1 | _aمحمد عطية الابراشى | |
| 245 | 1 | 0 |
_aعظمة الاسلام: 2 جزء / _cمحمد عطية الابراشى |
| 260 |
_aالقاهرة : _bمكتبة الانجلوالمصرية ، _c1968 |
||
| 300 |
_a405 ص ؛ _c24 سم |
||
| 650 | 0 | 4 | _aالاسلام |
| 650 | 0 | 4 | _aالاخلاق الاسلامية |
| 650 | 0 | 4 | _aالاداب الاسلامية |
| 650 | 0 | 4 | _aالشريعة الاسلامية |
| 942 |
_2ddc _cBK |
||
| 999 |
_c31795 _d31795 |
||